00559pab a2200181 454500008004000000100002700040245008300067260000900150300001300159362001100172650001500183650002100198773002000219908000600239909001000245999001700255952010500272180718b2008 xxu||||| |||| 00| 0 eng d aVinquaruddin, Mohammed aInternationalising courses of political theory in the undergraduate curriculum c2008 ap.13-15. a19 May aCurriculum aPolitical theory aUniversity News aN a78163 c78163d78163 00104070aIIPAbIIPAd2018-07-19hVolume no: 46, Issue no: 20pAR78623r2018-07-19w2018-07-19yAR